Propuesta metodológica para potenciar el desarrollo local en pequeños y medianos municipios urbano-rurales del sudoeste bonaerense /
Guardado en:
| Otros Autores: | , |
|---|---|
| Formato: | Manuscrito |
| Idioma: | Spanish |
| Publicado: |
2013.
|
| Materias: | |
| Acceso en línea: | Texto completo |
| Etiquetas: |
Agregar Etiqueta
Sin Etiquetas, Sea el primero en etiquetar este registro!
|
| LEADER | 01336ntm a22003135a 4500 | ||
|---|---|---|---|
| 001 | EUN.eunm005678 | ||
| 008 | 141203s2013####ag#######bm###000#0#spa#d | ||
| 005 | 20230809113755.0 | ||
| 245 | 1 | 0 | |a Propuesta metodológica para potenciar el desarrollo local en pequeños y medianos municipios urbano-rurales del sudoeste bonaerense / |c Erica M. Porras. |
| 260 | |c 2013. | ||
| 300 | |a ix, 212 p. : |b il. col. ; |c 30 cm. | ||
| 500 | |a Director de tesis: Hernán Vigier. | ||
| 502 | |a Tesis (doctoral)--Universidad Nacional del Sur. Departamento de Economía, 2013. | ||
| 504 | |a Incluye referencias bibliográficas. | ||
| 530 | |a Disponible también en formato digital | ||
| 100 | 1 | |a Porras, Erica M. |4 dis | |
| 700 | 1 | |a Vigier, Hernán P. |q (Hernán Pedro) |4 ths | |
| 710 | 2 | |a Universidad Nacional del Sur. |b Departamento de Economía |4 dgg. | |
| 082 | 0 | 4 | |a 040 |2 15 |
| 082 | 0 | 4 | |a 338.9812 |2 21 |
| 650 | 7 | |a Economía. |2 unbist | |
| 650 | 7 | |a Desarrollo regional. |2 unbist | |
| 650 | 7 | |a Ciudades. |2 unbist | |
| 650 | 7 | |a Gobierno local. |2 unbist | |
| 651 | 7 | |a Buenos Aires (Argentina) | |
| 653 | |a Desarrollo local | ||
| 856 | 4 | 1 | |3 Texto completo |u http://repositoriodigital.uns.edu.ar/handle/123456789/531 |
| 859 | |a AR-BaUNS |b BIB. CENTRAL - Tesis |h 040 |i B148 2013-1260po |k R |p 124781/014 | ||
| 859 | |a AR-BaUNS |b Dto. Economia |h 040 |i B148 2013-1260po |p 124782/014 | ||
